[Event "ITA-ch U20"]
[Site "Tarvisio"]
[Date "2023.07.02"]
[Round "1"]
[White "Clerici, Alessandro Maria"]
[Black "Di Bartolomeo, Adrian Mikail"]
[Result "0-1"]
[WhiteElo "1067"]
[BlackElo "1816"]
[PlyCount "38"]
[EventDate "2023.07.02"]
[EventType "swiss"]
[EventRounds "9"]
[EventCountry "ITA"]
[SourceTitle "EXT 2024"]
[Source "ChessBase"]
[SourceDate "2023.10.10"]
[SourceVersion "1"]
[SourceVersionDate "2023.10.10"]
[SourceQuality "1"]

1. e4 e5 2. Nf3 Nc6 3. Bc4 Bc5 4. Nc3 Nf6 5. d3 h6 6. 0-0 d6 7. h3 0-0 8. Qe2 Be6 9. Bb3 Ne7 10. Be3 Bb6 11. Rfe1 Ng6 12. Bxe6 fxe6 13. Rad1 Nh5 14. Nb1 Ngf4 15. Qd2 Nxh3+ 16. Kh2 Rxf3 17. gxf3 Qh4 18. Kg2 N3f4+ 19. Kf1 Qh1# 0-1